[Event "WCO2014"]
[Site "Tromso"]
[Date "2014.08.03"]
[Round "2.7"]
[WhiteID "1511602"]
[White "Kyrkjebo Marte B."]
[BlackID "1923161"]
[Black "Jorge Rita Maria Osorio"]
[Result "1-0"]
[LiveChessVersion "1.4.3"]
[BlackElo "1693"]
[WhiteElo "1732"]

1. e4 {[%clk 1:30:57]} c5 {[%clk 1:30:54]} 2. Nc3 {[%clk 1:31:22]} Nc6
{[%clk 1:31:18]} 3. Bb5 {[%clk 1:31:45]} Nd4 {[%clk 1:31:22]} 4. Bc4
{[%clk 1:32:05]} g6 {[%clk 1:31:28]} 5. Nf3 {[%clk 1:32:24]} Bg7 {[%clk 1:31:30]}
6. Nxd4 {[%clk 1:32:19]} cxd4 {[%clk 1:31:50]} 7. Qf3 {[%clk 1:32:34]} Nh6
{[%clk 1:31:36]} 8. Ne2 {[%clk 1:32:07]} O-O {[%clk 1:31:14]} 9. d3
{[%clk 1:31:47]} Ng4 {[%clk 1:29:53]} 10. Bb3 {[%clk 1:31:26]} Ne5
{[%clk 1:20:26]} 11. Qg3 {[%clk 1:31:40]} Nc6 {[%clk 1:19:46]} 12. a3
{[%clk 1:30:58]} d6 {[%clk 1:18:19]} 13. h4 {[%clk 1:28:04]} h5 {[%clk 1:15:15]}
14. Qxg6 {[%clk 1:17:56]} Ne5 {[%clk 0:51:15]} 15. Qg3 {[%clk 0:53:01]} Qb6
{[%clk 0:43:56]} 16. Bh6 {[%clk 0:45:25]} Bg4 {[%clk 0:36:55]} 17. Bxg7
{[%clk 0:40:08]} Kxg7 {[%clk 0:37:17]} 18. f3 {[%clk 0:38:52]} Nxd3+
{[%clk 0:35:59]} 19. cxd3 {[%clk 0:23:06]} Qxb3 {[%clk 0:36:09]} 20. fxg4
{[%clk 0:22:00]} Qxb2 {[%clk 0:35:42]} 21. Kf2 {[%clk 0:19:38]} Rac8
{[%clk 0:27:57]} 22. Rhb1 {[%clk 0:17:00]} Qd2 {[%clk 0:26:18]} 23. Kf1
{[%clk 0:12:27]} e5 {[%clk 0:22:40]} 24. Rxb7 {[%clk 0:08:56]} Rc2
{[%clk 0:20:13]} 25. Re1 {[%clk 0:06:36]} Qa5 {[%clk 0:19:01]} 26. gxh5+
{[%clk 0:05:33]} Kh7 {[%clk 0:19:11]} 27. Qg6+ {[%clk 0:04:11]} 1-0

[Event "WCO2014"]
[Site "Tromso"]
[Date "2014.08.03"]
[Round "2.8"]
[WhiteID "1928147"]
[White "Correia Sandra Ventura"]
[BlackID "1510550"]
[Black "Rodsmoen Maud"]
[Result "0-1"]
[LiveChessVersion "1.4.3"]
[BlackElo "1805"]
[WhiteElo "1763"]

1. e4 c5 {[%clk 1:30:56]} 2. Nc3 {[%clk 1:31:26]} Nc6 {[%clk 1:31:23]} 3. f4 g6
{[%clk 1:31:24]} 4. Nf3 {[%clk 1:31:37]} Bg7 {[%clk 1:31:26]} 5. Bb5
{[%clk 1:31:44]} Nd4 6. O-O {[%clk 1:32:00]} a6 {[%clk 1:27:12]} 7. Bc4
{[%clk 1:32:15]} b5 8. Bd5 Rb8 {[%clk 1:12:06]} 9. e5 {[%clk 1:31:56]} e6
{[%clk 1:11:01]} 10. Be4 {[%clk 1:32:19]} d5 {[%clk 1:08:54]} 11. Bd3
{[%clk 1:30:42]} Nxf3+ {[%clk 1:06:03]} 12. Rxf3 {[%clk 1:29:50]} Bb7
{[%clk 1:01:02]} 13. b3 {[%clk 1:23:34]} c4 {[%clk 0:57:52]} 14. Bf1
{[%clk 1:20:51]} d4 {[%clk 0:55:20]} 15. Nb1 {[%clk 1:15:44]} Bxf3
{[%clk 0:53:27]} 16. Qxf3 {[%clk 1:16:08]} Rc8 {[%clk 0:47:31]} 17. Ba3
{[%clk 1:14:07]} Qb6 {[%clk 0:43:21]} 18. d3 {[%clk 1:09:57]} b4 {[%clk 0:39:54]}
19. Bb2 {[%clk 0:57:30]} c3 {[%clk 0:38:17]} 20. Bc1 {[%clk 0:57:56]} Ne7
{[%clk 0:36:59]} 21. g3 {[%clk 0:53:39]} O-O {[%clk 0:36:08]} 22. Bg2
{[%clk 0:54:06]} Nd5 {[%clk 0:35:25]} 23. Qe2 {[%clk 0:48:10]} Rcd8
{[%clk 0:33:13]} 24. a4 {[%clk 0:25:36]} a5 {[%clk 0:32:32]} 25. Ra2
{[%clk 0:26:01]} f6 {[%clk 0:32:39]} 26. exf6 Bxf6 {[%clk 0:32:25]} 27. Be4
{[%clk 0:20:30]} Bg7 {[%clk 0:29:22]} 28. Bg2 {[%clk 0:18:47]} Qd6
{[%clk 0:26:07]} 29. Bh3 {[%clk 0:12:40]} Rde8 0-1

[Event "WCO2014"]
[Site "Tromso"]
[Date "2014.08.03"]
[Round "2.28"]
[WhiteID "14300818"]
[White "Frick Denise"]
[BlackID "6101097"]
[Black "Madrigal Ana Daniela"]
[Result "0-1"]
[LiveChessVersion "1.4.3"]
[BlackElo "1986"]
[WhiteElo "1892"]

1. e4 {[%clk 1:30:56]} e5 {[%clk 1:30:34]} 2. Nf3 {[%clk 1:31:21]} Nc6
{[%clk 1:31:02]} 3. Bb5 {[%clk 1:31:46]} a6 {[%clk 1:31:28]} 4. Ba4
{[%clk 1:32:12]} Nf6 {[%clk 1:31:52]} 5. Qe2 {[%clk 1:32:38]} b5 {[%clk 1:32:18]}
6. Bb3 {[%clk 1:33:04]} Bc5 {[%clk 1:32:38]} 7. c3 {[%clk 1:33:15]} d6
{[%clk 1:33:00]} 8. O-O {[%clk 1:32:23]} O-O {[%clk 1:33:11]} 9. d3
{[%clk 1:31:43]} Be6 {[%clk 1:31:32]} 10. Bc2 {[%clk 1:18:37]} Re8
{[%clk 1:26:48]} 11. Nbd2 {[%clk 1:17:53]} d5 {[%clk 1:22:54]} 12. exd5
{[%clk 1:00:06]} Bxd5 {[%clk 1:08:32]} 13. h3 {[%clk 0:56:30]} Bb6
{[%clk 0:49:20]} 14. Re1 {[%clk 0:48:44]} Qd6 {[%clk 0:38:06]} 15. Ne4
{[%clk 0:36:15]} Nxe4 {[%clk 0:36:41]} 16. dxe4 {[%clk 0:36:37]} Bc4
{[%clk 0:37:06]} 17. Qd2 {[%clk 0:35:51]} Qc5 {[%clk 0:29:31]} 18. Qe3
{[%clk 0:20:11]} Qe7 {[%clk 0:29:14]} 19. Qg5 {[%clk 0:19:53]} f6
{[%clk 0:29:10]} 20. Qg3 {[%clk 0:19:36]} Qf7 {[%clk 0:28:43]} 21. b3
{[%clk 0:18:52]} Be6 {[%clk 0:28:51]} 22. Nh4 {[%clk 0:18:08]} Rad8
{[%clk 0:27:29]} 23. Nf5 {[%clk 0:14:49]} Kh8 {[%clk 0:27:32]} 24. h4
{[%clk 0:13:07]} Ne7 {[%clk 0:27:25]} 25. Nxe7 {[%clk 0:11:45]} Rxe7
{[%clk 0:26:24]} 26. Be3 {[%clk 0:10:42]} Red7 {[%clk 0:13:06]} 27. Rad1
{[%clk 0:10:46]} Rxd1 {[%clk 0:11:15]} 28. Rxd1 {[%clk 0:11:12]} Rxd1+
{[%clk 0:11:33]} 29. Bxd1 {[%clk 0:11:39]} Qd7 {[%clk 0:11:51]} 30. Be2
{[%clk 0:11:01]} Qc6 {[%clk 0:11:04]} 31. Bxb6 {[%clk 0:10:54]} Qxb6
{[%clk 0:10:40]} 32. Qd3 {[%clk 0:11:08]} Qd6 {[%clk 0:10:40]} 33. Qxd6
{[%clk 0:08:34]} cxd6 {[%clk 0:11:08]} 34. c4 {[%clk 0:08:55]} b4
{[%clk 0:10:41]} 35. c5 {[%clk 0:09:15]} dxc5 {[%clk 0:10:59]} 36. Bxa6
{[%clk 0:09:38]} g5 {[%clk 0:05:52]} 37. hxg5 {[%clk 0:08:43]} fxg5
{[%clk 0:06:19]} 38. Kf1 {[%clk 0:08:46]} h5 {[%clk 0:06:06]} 39. f3
{[%clk 0:07:05]} Kg7 {[%clk 0:05:19]} 40. Ke2 {[%clk 0:06:04]} Kf6
{[%clk 0:05:09]} 41. Kd3 {[%clk 0:04:24]} Ke7 {[%clk 0:03:18]} 42. Bc4
{[%clk 0:03:14]} Bc8 {[%clk 0:03:02]} 43. Bb5 {[%clk 0:30:13]} h4
{[%clk 0:33:14]} 44. Bc4 {[%clk 0:29:13]} Kd6 {[%clk 0:28:36]} 45. Bb5
{[%clk 0:26:42]} Be6 {[%clk 0:23:40]} 46. Ba6 {[%clk 0:26:38]} Kc6
{[%clk 0:22:22]} 47. Bc4 {[%clk 0:26:14]} Bc8 {[%clk 0:22:39]} 48. Bd5+
{[%clk 0:25:31]} Kd6 {[%clk 0:23:01]} 49. Bc4 {[%clk 0:25:36]} g4
{[%clk 0:18:10]} 50. fxg4 {[%clk 0:24:56]} Bxg4 {[%clk 0:18:36]} 51. Ke3
{[%clk 0:22:55]} Bh5 {[%clk 0:18:05]} 52. Bd5 {[%clk 0:16:43]} Bd1
{[%clk 0:17:53]} 53. Kd2 {[%clk 0:16:23]} Bf3 {[%clk 0:16:55]} 54. Ke3
{[%clk 0:13:39]} Bxg2 {[%clk 0:17:08]} 55. Kf2 {[%clk 0:13:44]} Bh3
{[%clk 0:12:26]} 56. Kf3 {[%clk 0:12:56]} Bd7 {[%clk 0:11:47]} 57. Bc4
{[%clk 0:10:00]} Ke7 {[%clk 0:11:38]} 58. Bd3 {[%clk 0:09:08]} Kf6
{[%clk 0:11:47]} 59. Ke3 {[%clk 0:07:11]} Kg5 {[%clk 0:11:28]} 60. Be2
{[%clk 0:07:13]} h3 {[%clk 0:11:03]} 61. Bf3 {[%clk 0:06:36]} Kh4
{[%clk 0:09:59]} 62. Kf2 {[%clk 0:06:59]} Bg4 {[%clk 0:09:59]} 63. Bh1
{[%clk 0:06:55]} Bh5 {[%clk 0:09:31]} 64. Ke3 {[%clk 0:05:07]} Kg3
{[%clk 0:09:32]} 65. Kd4 {[%clk 0:03:45]} 0-1

[Event "WCO2014"]
[Site "Tromso"]
[Date "2014.08.03"]
[Round "2.27"]
[WhiteID "6101496"]
[White "Mendieta Kathya"]
[BlackID "14300800"]
[Black "Solomons Anzel"]
[Result "1/2-1/2"]
[LiveChessVersion "1.4.3"]
[BlackElo "1840"]
[WhiteElo "1877"]

1. e4 {[%clk 1:30:48]} e5 {[%clk 1:30:55]} 2. Nf3 {[%clk 1:30:58]} d6
{[%clk 1:31:19]} 3. Bc4 {[%clk 1:30:38]} c6 {[%clk 1:31:37]} 4. Bb3
{[%clk 1:29:39]} Be7 {[%clk 1:31:13]} 5. c3 {[%clk 1:29:45]} Nf6 {[%clk 1:30:48]}
6. Qe2 {[%clk 1:29:32]} O-O {[%clk 1:29:58]} 7. d3 {[%clk 1:29:01]} Nbd7
{[%clk 1:27:46]} 8. Nbd2 {[%clk 1:28:09]} b5 {[%clk 1:22:42]} 9. Nf1
{[%clk 1:23:23]} Nc5 {[%clk 1:11:58]} 10. Bc2 {[%clk 1:20:47]} Ne6
{[%clk 1:06:09]} 11. g3 {[%clk 1:16:26]} Re8 {[%clk 1:00:01]} 12. Ne3
{[%clk 1:16:00]} g6 {[%clk 0:58:28]} 13. Ng2 {[%clk 1:07:01]} Ng7
{[%clk 0:54:35]} 14. Nfh4 {[%clk 0:57:05]} Nfh5 {[%clk 0:48:55]} 15. O-O
{[%clk 0:43:41]} Bh3 {[%clk 0:44:54]} 16. Re1 {[%clk 0:42:50]} Kh8
{[%clk 0:39:20]} 17. Qd2 {[%clk 0:30:47]} Ne6 {[%clk 0:27:15]} 18. Bd1
{[%clk 0:19:23]} Nhg7 {[%clk 0:20:36]} 19. Qh6 {[%clk 0:13:05]} Bxg2
{[%clk 0:13:13]} 20. Nxg2 {[%clk 0:12:31]} Bg5 {[%clk 0:11:16]} 21. Bxg5
{[%clk 0:10:35]} Qxg5 {[%clk 0:10:54]} 22. Qxg5 {[%clk 0:09:45]} Nxg5
{[%clk 0:11:18]} 23. Ne3 {[%clk 0:09:32]} f5 {[%clk 0:08:29]} 24. h4
{[%clk 0:06:14]} N5e6 {[%clk 0:07:55]} 25. Bc2 {[%clk 0:05:25]} f4
{[%clk 0:06:34]} 26. Ng4 {[%clk 0:05:00]} Rf8 {[%clk 0:05:01]} 27. a4
{[%clk 0:03:52]} fxg3 {[%clk 0:02:38]} 28. fxg3 {[%clk 0:04:12]} h5
{[%clk 0:01:51]} 29. Ne3 {[%clk 0:03:30]} Rf3 {[%clk 0:01:41]} 30. Kg2
{[%clk 0:03:45]} Raf8 {[%clk 0:01:49]} 31. Re2 {[%clk 0:02:46]} g5
{[%clk 0:01:10]} 32. hxg5 {[%clk 0:02:53]} Nxg5 {[%clk 0:01:11]} 33. axb5
{[%clk 0:02:40]} cxb5 {[%clk 0:01:17]} 34. Rh1 {[%clk 0:01:01]} Nh7
{[%clk 0:01:08]} 35. Nd5 {[%clk 0:01:07]} R3f7 {[%clk 0:00:47]} 36. Bb3
{[%clk 0:01:15]} Rd7 {[%clk 0:00:44]} 37. Rf2 {[%clk 0:01:16]} Rxf2+
{[%clk 0:01:04]} 38. Kxf2 {[%clk 0:01:45]} a5 {[%clk 0:01:20]} 39. Ne3
{[%clk 0:01:44]} a4 {[%clk 0:01:40]} 40. Bd5 {[%clk 0:02:01]} Rc7
{[%clk 0:01:49]} 41. Ra1 {[%clk 0:01:55]} Nf6 {[%clk 0:00:34]} 42. c4
{[%clk 0:01:42]} Nxd5 {[%clk 0:28:36]} 43. Nxd5 {[%clk 0:29:06]} Rf7+
{[%clk 0:25:46]} 44. Ke3 {[%clk 0:25:52]} bxc4 {[%clk 0:25:33]} 45. dxc4
{[%clk 0:25:48]} Rb7 {[%clk 0:25:04]} 46. Rxa4 {[%clk 0:22:50]} Rb3+
{[%clk 0:23:57]} 47. Nc3 {[%clk 0:17:11]} Rxb2 {[%clk 0:23:23]} 48. Ra6
{[%clk 0:16:30]} Rb3 {[%clk 0:17:32]} 49. Kd2 {[%clk 0:12:05]} Rb4
{[%clk 0:10:11]} 50. Rxd6 {[%clk 0:09:22]} Rxc4 {[%clk 0:09:23]} 51. Kd3
{[%clk 0:08:30]} Rc8 {[%clk 0:07:25]} 52. Nd5 {[%clk 0:08:00]} Ra8
{[%clk 0:04:44]} 53. Ke3 {[%clk 0:06:01]} Ra3+ {[%clk 0:03:12]} 54. Kf2
{[%clk 0:05:33]} Ra2+ {[%clk 0:02:32]} 55. Kf3 {[%clk 0:05:34]} Ra3+
{[%clk 0:02:34]} 56. Kg2 {[%clk 0:05:46]} Ra8 {[%clk 0:02:15]} 57. Rh6+
{[%clk 0:03:28]} Kg8 {[%clk 0:02:42]} 58. Nf6+ {[%clk 0:03:00]} Kf7
{[%clk 0:03:05]} 59. Nxh5 {[%clk 0:02:59]} Ne6 {[%clk 0:02:35]} 60. Rf6+
{[%clk 0:02:37]} Ke7 {[%clk 0:02:55]} 61. Rf5 {[%clk 0:02:30]} Ra2+
{[%clk 0:02:43]} 62. Kh3 {[%clk 0:02:17]} Ra5 {[%clk 0:02:47]} 63. g4
{[%clk 0:01:17]} Nd4 {[%clk 0:02:06]} 64. Rf2 {[%clk 0:01:08]} Ra3+
{[%clk 0:01:53]} 65. Kg2 {[%clk 0:01:16]} Re3 {[%clk 0:01:28]} 66. Ng3
{[%clk 0:01:19]} Ke6 {[%clk 0:01:00]} 67. Ra2 {[%clk 0:00:59]} 1/2-1/2

[Event "WCO2014"]
[Site "Tromso"]
[Date "2014.08.03"]
[Round "2.26"]
[WhiteID "14304503"]
[White "Tlale Tshepang"]
[BlackID "6101488"]
[Black "Granados Maria"]
[Result "1/2-1/2"]
[LiveChessVersion "1.4.3"]
[BlackElo "1899"]
[WhiteElo "1798"]

1. e4 {[%clk 1:30:57]} Nf6 {[%clk 1:30:54]} 2. e5 {[%clk 1:31:14]} Nd5
{[%clk 1:31:19]} 3. d4 {[%clk 1:31:15]} d6 {[%clk 1:31:41]} 4. c4
{[%clk 1:31:40]} Nb6 {[%clk 1:32:05]} 5. exd6 {[%clk 1:32:04]} cxd6
{[%clk 1:32:27]} 6. Nc3 {[%clk 1:32:15]} g6 {[%clk 1:32:47]} 7. Be3
{[%clk 1:32:32]} Bg7 {[%clk 1:32:52]} 8. Be2 {[%clk 1:32:37]} Nc6
{[%clk 1:33:08]} 9. h3 {[%clk 1:32:19]} O-O {[%clk 1:32:22]} 10. Nf3
{[%clk 1:32:32]} d5 {[%clk 1:31:09]} 11. c5 {[%clk 1:31:52]} Nc4 {[%clk 1:28:35]}
12. Bxc4 {[%clk 1:26:30]} dxc4 {[%clk 1:28:58]} 13. O-O {[%clk 1:25:37]} Bf5
{[%clk 1:22:49]} 14. a3 {[%clk 1:14:48]} Bd3 {[%clk 1:22:52]} 15. Re1
{[%clk 1:15:10]} e6 {[%clk 1:22:14]} 16. Nb5 {[%clk 1:14:46]} Ne7
{[%clk 1:13:28]} 17. Ne5 {[%clk 1:07:42]} Bxe5 {[%clk 1:07:35]} 18. dxe5
{[%clk 1:08:05]} Nf5 {[%clk 1:07:21]} 19. Nd6 {[%clk 1:02:28]} b6
{[%clk 0:56:29]} 20. Nxf5 {[%clk 0:47:41]} exf5 {[%clk 0:56:09]} 21. Bh6
{[%clk 0:46:06]} Re8 {[%clk 0:54:59]} 22. Qd2 {[%clk 0:46:11]} f6
{[%clk 0:53:54]} 23. exf6 {[%clk 0:45:31]} Qxf6 {[%clk 0:54:16]} 24. Bg5
{[%clk 0:45:45]} Qc6 {[%clk 0:52:28]} 25. cxb6 {[%clk 0:41:33]} axb6
{[%clk 0:52:28]} 26. Rac1 {[%clk 0:36:45]} Rxe1+ {[%clk 0:35:48]} 27. Rxe1
{[%clk 0:36:24]} Re8 {[%clk 0:36:11]} 28. Rxe8+ {[%clk 0:34:06]} Qxe8
{[%clk 0:36:39]} 29. Qe3 {[%clk 0:34:08]} Qxe3 {[%clk 0:35:30]} 30. Bxe3
{[%clk 0:34:37]} b5 {[%clk 0:35:49]} 31. f3 {[%clk 0:34:53]} Kf7 {[%clk 0:35:51]}
32. Kf2 {[%clk 0:33:40]} Kf6 {[%clk 0:34:18]} 33. h4 {[%clk 0:34:02]} Ke5
{[%clk 0:30:18]} 34. g3 {[%clk 0:31:59]} 1/2-1/2

[Event "WCO2014"]
[Site "Tromso"]
[Date "2014.08.03"]
[Round "2.25"]
[WhiteID "6100694"]
[White "Alarcon Pamela"]
[BlackID "14305020"]
[Black "Van Niekerk Robyn Julian"]
[Result "1-0"]
[LiveChessVersion "1.4.3"]
[BlackElo "1627"]
[WhiteElo "1906"]

1. d4 {[%clk 1:30:54]} d5 {[%clk 1:30:54]} 2. Nf3 {[%clk 1:30:55]} Nf6
{[%clk 1:30:43]} 3. b3 {[%clk 1:30:53]} e6 {[%clk 1:29:55]} 4. Bb2
{[%clk 1:31:17]} c5 {[%clk 1:27:40]} 5. e3 {[%clk 1:31:41]} Nc6 {[%clk 1:26:14]}
6. Be2 {[%clk 1:29:58]} Bd6 {[%clk 1:24:08]} 7. Nbd2 {[%clk 1:30:16]} O-O
{[%clk 1:23:17]} 8. O-O {[%clk 1:29:56]} Re8 {[%clk 1:21:11]} 9. Ne5
{[%clk 1:28:49]} Qc7 {[%clk 1:18:10]} 10. f4 {[%clk 1:27:40]} cxd4
{[%clk 1:16:59]} 11. exd4 {[%clk 1:28:03]} Ne4 {[%clk 1:12:03]} 12. Bf3
{[%clk 1:11:38]} Nxd2 {[%clk 1:01:41]} 13. Qxd2 {[%clk 1:11:58]} f6
{[%clk 0:55:14]} 14. Nd3 {[%clk 1:12:08]} Bd7 {[%clk 0:52:27]} 15. Kh1
{[%clk 1:05:20]} Kh8 {[%clk 0:48:02]} 16. Rae1 {[%clk 0:59:40]} a5
{[%clk 0:42:50]} 17. a4 {[%clk 0:59:31]} Nb4 {[%clk 0:40:44]} 18. Bh5
{[%clk 0:52:04]} g6 {[%clk 0:37:01]} 19. Nxb4 {[%clk 0:52:21]} axb4
{[%clk 0:36:06]} 20. Bd1 {[%clk 0:52:29]} b5 {[%clk 0:35:57]} 21. axb5
{[%clk 0:52:17]} Bxb5 {[%clk 0:36:18]} 22. Rf3 {[%clk 0:52:43]} Re7
{[%clk 0:27:44]} 23. Qf2 {[%clk 0:44:38]} Rg8 {[%clk 0:21:28]} 24. Bc1
{[%clk 0:39:43]} e5 {[%clk 0:19:07]} 25. fxe5 {[%clk 0:40:02]} Rge8
{[%clk 0:16:21]} 26. Rxf6 {[%clk 0:40:12]} Qb8 {[%clk 0:13:37]} 27. Bd2
{[%clk 0:37:55]} Bc7 {[%clk 0:08:53]} 28. Bxb4 {[%clk 0:38:13]} Rg7
{[%clk 0:08:14]} 29. Rf8+ {[%clk 0:36:48]} Rxf8 {[%clk 0:07:57]} 30. Bxf8
{[%clk 0:37:12]} Rd7 {[%clk 0:06:42]} 31. Bg4 1-0

[Event "WCO2014"]
[Site "Tromso"]
[Date "2014.08.03"]
[Round "2.1"]
[WhiteID "3001822"]
[White "Colombo Camila"]
[BlackID "11300515"]
[Black "Lopang Tshepiso"]
[Result "1-0"]
[LiveChessVersion "1.4.3"]
[BlackElo "1778"]
[WhiteElo "2107"]

1. d4 {[%clk 1:30:58]} d5 {[%clk 1:30:51]} 2. c4 {[%clk 1:31:23]} c6
{[%clk 1:31:10]} 3. Nc3 {[%clk 1:31:13]} Nf6 {[%clk 1:31:26]} 4. Nf3
{[%clk 1:31:29]} e6 {[%clk 1:31:08]} 5. Bg5 {[%clk 1:31:46]} Be7 {[%clk 1:31:30]}
6. e3 {[%clk 1:31:17]} O-O {[%clk 1:31:40]} 7. Rc1 {[%clk 1:30:09]} h6
{[%clk 1:31:55]} 8. Bh4 {[%clk 1:29:55]} Nbd7 {[%clk 1:32:07]} 9. cxd5
{[%clk 1:26:53]} exd5 {[%clk 1:32:26]} 10. Bd3 {[%clk 1:27:16]} Re8
{[%clk 1:32:29]} 11. O-O {[%clk 1:27:37]} Qc7 {[%clk 1:30:12]} 12. Bg3
{[%clk 1:22:28]} Bd6 {[%clk 1:28:38]} 13. Nb5 {[%clk 1:21:55]} Qd8
{[%clk 1:19:46]} 14. Nxd6 {[%clk 1:22:16]} Rf8 {[%clk 1:19:37]} 15. b4
{[%clk 1:19:54]} a6 {[%clk 1:19:11]} 16. a4 {[%clk 1:19:44]} Qe7 {[%clk 1:14:57]}
17. b5 {[%clk 1:12:21]} cxb5 {[%clk 1:13:43]} 18. axb5 {[%clk 1:10:00]} a5
{[%clk 1:12:24]} 19. Rc7 {[%clk 0:59:24]} b6 {[%clk 1:10:00]} 20. Ne5
{[%clk 0:45:51]} Qd8 {[%clk 1:06:45]} 21. Nxc8 {[%clk 0:37:16]} Qxc7
{[%clk 1:04:04]} 22. Ne7+ {[%clk 0:37:30]} 1-0

[Event "WCO2014"]
[Site "Tromso"]
[Date "2014.08.03"]
[Round "2.2"]
[WhiteID "11301287"]
[White "Francis Onkemetse"]
[BlackID "3000273"]
[Black "De Leon Patricia"]
[Result "0-1"]
[LiveChessVersion "1.4.3"]
[BlackElo "1921"]
[WhiteElo "1735"]

1. e4 {[%clk 1:30:58]} e6 {[%clk 1:30:49]} 2. d3 {[%clk 1:31:14]} d5
{[%clk 1:30:53]} 3. Nd2 {[%clk 1:31:39]} c5 {[%clk 1:30:06]} 4. Ngf3
{[%clk 1:30:17]} Nc6 {[%clk 1:29:35]} 5. Be2 {[%clk 1:29:31]} g6 {[%clk 1:18:25]}
6. c3 {[%clk 1:21:30]} Bg7 {[%clk 1:18:05]} 7. Qc2 {[%clk 1:21:30]} Nge7
{[%clk 1:14:48]} 8. O-O {[%clk 1:18:55]} b6 {[%clk 1:09:16]} 9. Re1
{[%clk 1:17:50]} O-O {[%clk 0:58:16]} 10. Nf1 {[%clk 1:15:37]} a5
{[%clk 0:55:28]} 11. Bg5 {[%clk 1:11:43]} h6 {[%clk 0:46:39]} 12. Bd2
{[%clk 1:10:10]} d4 {[%clk 0:37:01]} 13. Rad1 {[%clk 1:02:26]} Kh7
{[%clk 0:34:51]} 14. Ng3 {[%clk 0:57:24]} e5 {[%clk 0:31:13]} 15. h3
{[%clk 0:56:09]} Be6 {[%clk 0:31:02]} 16. Nh2 {[%clk 0:51:38]} b5
{[%clk 0:27:03]} 17. Bg4 {[%clk 0:47:58]} f5 {[%clk 0:20:02]} 18. exf5
{[%clk 0:48:19]} gxf5 {[%clk 0:19:59]} 19. Bf3 {[%clk 0:48:35]} Rc8
{[%clk 0:18:43]} 20. Qb1 {[%clk 0:47:01]} a4 {[%clk 0:16:45]} 21. Nh5
{[%clk 0:42:09]} Rg8 {[%clk 0:12:38]} 22. Nf1 {[%clk 0:35:55]} Bd5
{[%clk 0:09:01]} 23. Bxd5 {[%clk 0:32:22]} Nxd5 {[%clk 0:09:28]} 24. Qc1
{[%clk 0:29:48]} f4 {[%clk 0:06:07]} 25. c4 {[%clk 0:26:39]} dxc3
{[%clk 0:03:22]} 26. bxc3 {[%clk 0:26:05]} Qh4 {[%clk 0:02:54]} 27. Nhg3
{[%clk 0:10:16]} fxg3 {[%clk 0:02:55]} 28. fxg3 {[%clk 0:10:09]} Qh5
{[%clk 0:02:00]} 29. Qb1 {[%clk 0:10:15]} b4 {[%clk 0:01:38]} 30. c4
{[%clk 0:08:46]} Nde7 {[%clk 0:01:19]} 31. Re4 {[%clk 0:07:00]} Nd4
{[%clk 0:01:06]} 32. Rde1 {[%clk 0:05:48]} Qf7 {[%clk 0:00:56]} 33. Be3
{[%clk 0:05:03]} Nec6 {[%clk 0:00:45]} 34. Nh2 {[%clk 0:04:20]} Rcf8
{[%clk 0:01:03]} 35. Ng4 {[%clk 0:04:30]} Qg6 {[%clk 0:00:46]} 36. Bf2
{[%clk 0:03:18]} h5 {[%clk 0:00:55]} 37. Ne3 Bh6 {[%clk 0:00:52]} 38. Nd5
{[%clk 0:03:01]} Rxf2 {[%clk 0:00:55]} 39. Rxd4 {[%clk 0:00:57]} Qxg3
{[%clk 0:00:57]} 40. Nf6+ {[%clk 0:01:05]} Kh8 {[%clk 0:00:41]} 0-1

[Event "WCO2014"]
[Site "Tromso"]
[Date "2014.08.03"]
[Round "2.3"]
[WhiteID "3003000"]
[White "Larrea Daniela"]
[BlackID "11300469"]
[Black "Botlhole Kgalalelo"]
[Result "0-1"]
[LiveChessVersion "1.4.3"]
[BlackElo "1762"]
[WhiteElo "1709"]

1. d4 {[%clk 1:30:53]} Nf6 {[%clk 1:30:51]} 2. c4 {[%clk 1:31:18]} g6
{[%clk 1:30:52]} 3. Nf3 {[%clk 1:31:15]} Bg7 {[%clk 1:30:41]} 4. g3
{[%clk 1:31:36]} d6 {[%clk 1:29:37]} 5. Bg2 {[%clk 1:31:47]} O-O {[%clk 1:28:53]}
6. Nc3 {[%clk 1:31:43]} Nbd7 {[%clk 1:28:30]} 7. O-O {[%clk 1:31:53]} e5
{[%clk 1:22:12]} 8. e4 {[%clk 1:31:30]} exd4 {[%clk 1:17:49]} 9. Nxd4
{[%clk 1:30:51]} Nc5 {[%clk 1:15:04]} 10. Rb1 {[%clk 1:21:02]} Re8
{[%clk 1:12:31]} 11. Re1 {[%clk 1:17:08]} a6 {[%clk 1:05:44]} 12. b3
{[%clk 1:12:47]} Rb8 {[%clk 1:03:22]} 13. Bb2 {[%clk 1:12:44]} Bg4
{[%clk 0:55:13]} 14. f3 {[%clk 1:06:44]} Bd7 {[%clk 0:55:34]} 15. Bf1
{[%clk 1:02:41]} Ne6 {[%clk 0:52:35]} 16. Nd5 {[%clk 0:46:43]} Nxd4
{[%clk 0:42:43]} 17. Qxd4 {[%clk 0:42:06]} Nh5 {[%clk 0:39:12]} 18. Qd2
{[%clk 0:40:43]} Nf6 {[%clk 0:34:35]} 19. Qc3 {[%clk 0:35:57]} Nh5
{[%clk 0:32:58]} 20. Qd2 {[%clk 0:29:45]} Be6 {[%clk 0:20:52]} 21. Bxg7
{[%clk 0:22:48]} Nxg7 {[%clk 0:20:13]} 22. Qc3 {[%clk 0:12:03]} Bxd5
{[%clk 0:17:56]} 23. cxd5 {[%clk 0:11:18]} Qd7 {[%clk 0:10:56]} 24. Rbc1
{[%clk 0:10:06]} Rbc8 {[%clk 0:10:09]} 25. Re3 {[%clk 0:09:32]} f5
{[%clk 0:04:22]} 26. e5 {[%clk 0:09:10]} dxe5 {[%clk 0:03:56]} 27. Rxe5
{[%clk 0:09:34]} Rxe5 {[%clk 0:03:21]} 28. Qxe5 {[%clk 0:10:00]} Ne8
{[%clk 0:03:01]} 29. Bc4 {[%clk 0:08:04]} Nd6 {[%clk 0:03:16]} 30. Qc3
{[%clk 0:04:58]} Re8 {[%clk 0:02:31]} 31. Re1 {[%clk 0:04:38]} Rxe1+
{[%clk 0:01:58]} 32. Qxe1 {[%clk 0:05:01]} Kg7 {[%clk 0:02:15]} 33. Qe5+
{[%clk 0:03:48]} Kg8 {[%clk 0:01:45]} 34. Bd3 {[%clk 0:01:40]} Qg7
{[%clk 0:01:44]} 35. Qe6+ {[%clk 0:01:30]} Qf7 {[%clk 0:02:03]} 36. Qe5
{[%clk 0:01:31]} Qe8 {[%clk 0:02:14]} 37. f4 {[%clk 0:01:27]} Qf7
{[%clk 0:02:04]} 38. Kg2 {[%clk 0:01:01]} Qe8 {[%clk 0:02:08]} 39. Kf3
{[%clk 0:00:58]} Qd7 {[%clk 0:02:21]} 40. h3 {[%clk 0:00:49]} Nf7
{[%clk 0:02:03]} 41. Qe6 {[%clk 0:00:36]} Qxe6 {[%clk 0:02:00]} 42. dxe6
{[%clk 0:01:03]} Nd6 {[%clk 0:02:20]} 43. g4 {[%clk 0:00:35]} Kf8
{[%clk 0:02:39]} 44. Ke3 {[%clk 0:28:47]} Ke7 {[%clk 0:33:26]} 45. Kd4
{[%clk 0:28:13]} Kxe6 {[%clk 0:33:08]} 46. a4 {[%clk 0:27:50]} a5
{[%clk 0:27:06]} 47. g5 {[%clk 0:26:51]} b6 {[%clk 0:26:26]} 48. h4
{[%clk 0:26:54]} c5+ {[%clk 0:25:32]} 49. Ke3 {[%clk 0:26:02]} Kd5
{[%clk 0:21:40]} 50. Be2 {[%clk 0:23:32]} c4 {[%clk 0:19:21]} 51. Bf3+
{[%clk 0:23:01]} Kc5 {[%clk 0:19:44]} 52. Bd1 {[%clk 0:22:43]} c3
{[%clk 0:17:51]} 53. h5 {[%clk 0:15:05]} Kb4 {[%clk 0:16:14]} 54. hxg6
{[%clk 0:13:49]} hxg6 {[%clk 0:16:37]} 55. Bc2 {[%clk 0:13:39]} Ka3
{[%clk 0:15:45]} 56. Kd4 {[%clk 0:12:56]} Kb2 {[%clk 0:15:45]} 57. Bd3
{[%clk 0:10:38]} c2 {[%clk 0:13:20]} 58. Bxc2 {[%clk 0:11:00]} Kxc2
{[%clk 0:13:43]} 59. Ke5 {[%clk 0:11:29]} Ne4 {[%clk 0:13:50]} 60. Ke6
{[%clk 0:11:35]} Nxg5+ {[%clk 0:12:46]} 61. Ke5 0-1